000 00737nam a2200217 a 4500
001 000032944
003 OSt
005 20201123140238.0
008 110804s1922 dr r 000 0 spa d
040 _aDO-SdBNP
_bspa
_cBNPHU
082 4 _a917.293
_bD598c
_222
245 0 0 _aDirectorio de la ciudad de Santo Domingo :
_beditado a iniciativa del Sr. Armando Gil Pumarol
260 _aSanto Domingo :
_bImp. El progreso,
_c1922.
300 _a34 p. ;
_c22 cm.
590 _aInventariado, 2018/ YL
650 4 _aAlmanaques españoles
_zRepública Dominicana
_977372
651 4 _aRepública Dominicana
_vDirectorios
_91650
700 1 2 _aGil Pumarol, Armando
_eed.
_958690
910 _aValidado. Control de calidad MFF
942 _2ddc
_cLBS1
999 _c32435
_d32435